00607nam a2200157Ia 4500008004100000020002800041041000800069050002700077100001400104245006800118260004800186300003600234650004500270952011700315999001700432231116s9999 xx 000 0 und d a97896229484649622948464 achi aPL2928.D38 b.Z46 2003 a余逹心 0a生命真精彩 : b文學世界中的人性光芒 /c余逹心 a香港 : b基督教文藝出版社, c2003 axii, 155 p. : bill. ; c22 cm. aAuthors, Chinese 20th century Biography. 00104070aGETSbGETSc GENd2023-11-21l0oPL2928.D38 .Z46 2003p00032163r2023-11-21 14:47:40w2023-11-21yCB c50640d50640